| Поле | Инд. | ПП | Название | Значение |
|---|---|---|---|---|
| Тип записи | a | |||
| Библиографический уровень | b | |||
| 001 | Контрольный номер | RU/IS/BASE/234617550 | ||
| 005 | Дата корректировки | 20200522191125.4 | ||
| 040 | b | Код языка каталог. | rus | |
| e | Правила каталог. | PSBO | ||
| 041 | 0_ | a | Код языка текста | rus |
| 084 | a | Индекс другой классификации/Индекс ББК | 83.3(2=411.2)6 | |
| 100 | 1_ | a | Автор | Николаев Д. Д. |
| 245 | 10 | a | Заглавие | Воланд против Хулио Хуренито |
| 504 | a | Библиография | Библиогр. - Примеч.: с. 89 | |
| 520 | a | Аннотация | В русской литературе мотив нечистой силы играл не столь заметную роль, как в литературе западноевропейской. После революции русские писатели начинают писать о дьявольской сущности коммунизма. Показательно, что отождествление большевиков с нечистой силой мы находим не только в литературе русского зарубежья, но и в метрополии | |
| 600 | a | Персоналии | Булгаков Михаил Афанасьевич | |
| a | Персоналии | Эренбург Илья Григорьевич | ||
| 650 | a | Основная рубрика | история литературы | |
| a | Основная рубрика | литературоведение | ||
| a | Основная рубрика | филологические науки | ||
| 653 | a | Ключевые слова | "Мастер и Маргарита" | |
| a | Ключевые слова | "Необычайные похождения Хулио Хуренито и его учеников..." | ||
| a | Ключевые слова | XX век | ||
| a | Ключевые слова | Бог | ||
| a | Ключевые слова | вера | ||
| a | Ключевые слова | дьявол | ||
| a | Ключевые слова | Россия | ||
| a | Ключевые слова | советская литература | ||
| 773 | 0_ | t | Заглавие источника | Вестник Московского университета. Серия 9, Филология |
| d | Дата издания источника | 2006 | ||
| g | Прочая информация | № 5. - С. 81 - 89 | ||
| w | Контрольный № источника | RU/IS/BASE/220371624 | ||
| 901 | t | Тип документа | b |